[Event "European Youth Chess Championship G16"]
[Site "Prague, Top Hotel Prague"]
[Date "2012.08.20"]
[Round "4.1"]
[White "Tantsiura, Marja"]
[Black "Shakhmurzova, Fatima"]
[Result "1-0"]
[WhiteElo "2193"]
[BlackElo "1905"]
[PlyCount "0"]
[EventDate "2012.08.17"]

1. e4 {[%clk 1:30:59]} e6 {[%clk 1:30:17]} 2. d3 {[%clk 1:20:41]} d5
{[%clk 1:28:13]} 3. Nd2 {[%clk 1:19:45]} c5 {[%clk 1:28:01]} 4. g3
{[%clk 1:20:00]} Nc6 {[%clk 1:27:48]} 5. Bg2 {[%clk 1:20:22]} Nf6
{[%clk 1:27:26]} 6. Ne2 {[%clk 1:20:41]} e5 {[%clk 1:19:45]} 7. exd5
{[%clk 1:09:37]} Nxd5 {[%clk 1:19:43]} 8. O-O {[%clk 1:09:22]} Be7
{[%clk 1:16:48]} 9. Nc3 {[%clk 1:06:26]} Be6 {[%clk 1:11:38]} 10. Re1
{[%clk 1:03:24]} Qd7 {[%clk 1:05:12]} 11. Nde4 {[%clk 1:00:08]} f6
{[%clk 0:59:08]} 12. Nxd5 {[%clk 0:52:31]} Bxd5 {[%clk 0:58:37]} 13. Be3
{[%clk 0:34:54]} O-O-O {[%clk 0:46:24]} 14. a3 {[%clk 0:28:09]} f5
{[%clk 0:44:21]} 15. c4 {[%clk 0:25:57]} Bxe4 {[%clk 0:40:40]} 16. dxe4
{[%clk 0:26:20]} Qxd1 {[%clk 0:40:36]} 17. Raxd1 {[%clk 0:26:46]} fxe4
{[%clk 0:39:45]} 18. Rd5 {[%clk 0:20:54]} Rxd5 {[%clk 0:34:48]} 19. cxd5
{[%clk 0:21:21]} Nd4 {[%clk 0:35:13]} 20. Bxe4 {[%clk 0:21:47]} Bd6
{[%clk 0:35:21]} 21. Kg2 {[%clk 0:19:59]} Kd7 {[%clk 0:32:08]} 22. h4
{[%clk 0:19:16]} h6 {[%clk 0:30:20]} 23. Kh3 {[%clk 0:18:38]} Rf8
{[%clk 0:27:32]} 24. Kg4 {[%clk 0:17:46]} Rf6 {[%clk 0:25:46]} 25. Kh5
{[%clk 0:17:53]} Bf8 {[%clk 0:21:23]} 26. g4 {[%clk 0:14:12]} Rb6
{[%clk 0:12:24]} 27. Rb1 {[%clk 0:14:31]} Be7 {[%clk 0:08:27]} 28. g5
{[%clk 0:14:16]} hxg5 {[%clk 0:08:39]} 29. hxg5 {[%clk 0:13:26]} Ke8
{[%clk 0:07:30]} 30. f4 {[%clk 0:12:16]} exf4 {[%clk 0:06:33]} 31. Bxf4
{[%clk 0:12:43]} Bd6 {[%clk 0:05:37]} 32. Bxd6 {[%clk 0:11:36]} Rxd6
{[%clk 0:06:06]} 33. Rf1 {[%clk 0:11:59]} Ke7 {[%clk 0:05:47]} 34. g6
{[%clk 0:08:40]} Rf6 {[%clk 0:05:25]} 35. d6+ {[%clk 0:09:07]} Rxd6
{[%clk 0:03:56]} 36. Rf7+ {[%clk 0:09:34]} Ke8 {[%clk 0:02:01]} 37. Rxg7
{[%clk 0:10:01]} Re6 {[%clk 0:01:55]} 38. Bxb7 {[%clk 0:09:09]} Re1
{[%clk 0:01:10]} 39. Rc7 {[%clk 0:06:53]} Ne6 {[%clk 0:01:08]} 40. g7
{[%clk 0:35:59]} Rg1 {[%clk 0:31:03]} 41. Bc6+ {[%clk 0:36:14]} Kd8
{[%clk 0:31:29]} 42. Rd7+ {[%clk 0:36:28]} Kc8 {[%clk 0:31:44]} 43. Kh6
{[%clk 0:36:13]} Nd4 {[%clk 0:29:55]} 44. Rxd4 {[%clk 0:35:08]} cxd4
{[%clk 0:30:20]} 45. Bd5 {[%clk 0:35:37]} 1-0

[Event "European Youth Chess Championship G16"]
[Site "Prague, Top Hotel Prague"]
[Date "2012.08.20"]
[Round "4.3"]
[White "Utiatskaja, Irina"]
[Black "Smirnova, Ekaterina"]
[Result "1/2-1/2"]
[WhiteElo "2012"]
[BlackElo "2113"]
[PlyCount "0"]
[EventDate "2012.08.17"]

1. e4 {[%clk 1:30:57]} e5 {[%clk 1:30:56]} 2. Nf3 {[%clk 1:31:20]} Nc6
{[%clk 1:31:22]} 3. Bb5 {[%clk 1:31:45]} a6 {[%clk 1:31:47]} 4. Ba4
{[%clk 1:32:12]} Nge7 {[%clk 1:32:12]} 5. O-O {[%clk 1:24:38]} g6
{[%clk 1:28:45]} 6. d4 {[%clk 1:19:06]} exd4 {[%clk 1:28:52]} 7. Nxd4
{[%clk 1:15:49]} Bg7 {[%clk 1:29:09]} 8. c3 {[%clk 1:09:53]} Nxd4
{[%clk 1:27:50]} 9. cxd4 {[%clk 1:10:10]} b5 {[%clk 1:26:23]} 10. Bb3
{[%clk 0:58:58]} Bb7 {[%clk 1:24:01]} 11. Bg5 {[%clk 0:50:13]} d6
{[%clk 1:20:09]} 12. Nc3 {[%clk 0:44:46]} Qd7 {[%clk 1:18:24]} 13. Re1
{[%clk 0:43:01]} O-O {[%clk 1:16:16]} 14. Qd2 {[%clk 0:39:37]} Rae8
{[%clk 1:06:09]} 15. a3 {[%clk 0:33:47]} Kh8 {[%clk 1:04:11]} 16. h4
{[%clk 0:30:41]} f5 {[%clk 0:55:49]} 17. d5 {[%clk 0:20:31]} Ng8 {[%clk 0:50:01]}
18. Re2 {[%clk 0:17:30]} Be5 {[%clk 0:43:01]} 19. exf5 {[%clk 0:16:26]} Qxf5
{[%clk 0:41:29]} 20. Bc2 {[%clk 0:16:39]} Qf7 {[%clk 0:41:38]} 21. Be3
{[%clk 0:14:31]} Re7 {[%clk 0:25:59]} 22. Rae1 {[%clk 0:12:48]} Bg7
{[%clk 0:22:55]} 23. Bd4 {[%clk 0:12:12]} Rfe8 {[%clk 0:22:12]} 24. Bxg7+
{[%clk 0:12:02]} Qxg7 {[%clk 0:22:33]} 25. Be4 {[%clk 0:10:41]} Nf6
{[%clk 0:17:34]} 26. Re3 {[%clk 0:08:08]} Nxe4 {[%clk 0:17:05]} 27. Nxe4
{[%clk 0:08:07]} Re5 {[%clk 0:16:46]} 28. Nc3 {[%clk 0:06:44]} Kg8
{[%clk 0:16:21]} 29. g3 {[%clk 0:06:34]} Bc8 {[%clk 0:15:18]} 30. Na2
{[%clk 0:06:18]} Bd7 {[%clk 0:11:41]} 31. Nb4 {[%clk 0:06:11]} a5
{[%clk 0:11:11]} 32. Nc6 {[%clk 0:06:25]} Bxc6 {[%clk 0:11:18]} 33. dxc6
{[%clk 0:06:48]} a4 {[%clk 0:09:40]} 34. Kg2 {[%clk 0:04:48]} Rxe3
{[%clk 0:07:00]} 35. Rxe3 {[%clk 0:05:11]} Rxe3 {[%clk 0:07:18]} 36. Qxe3
{[%clk 0:05:31]} Qf7 {[%clk 0:04:40]} 37. Qg5 {[%clk 0:05:06]} d5
{[%clk 0:02:39]} 38. h5 {[%clk 0:05:07]} h6 {[%clk 0:02:37]} 39. Qxg6+
{[%clk 0:03:10]} Qxg6 {[%clk 0:03:06]} 40. hxg6 {[%clk 0:33:34]} Kg7
{[%clk 0:33:32]} 41. Kf3 {[%clk 0:33:55]} Kxg6 {[%clk 0:33:52]} 42. Ke3
{[%clk 0:34:18]} Kf5 {[%clk 0:33:49]} 43. Kd4 {[%clk 0:34:40]} Ke6
{[%clk 0:33:16]} 44. f4 {[%clk 0:29:36]} Kd6 {[%clk 0:26:21]} 45. f5
{[%clk 0:29:20]} h5 {[%clk 0:16:25]} 46. f6 {[%clk 0:29:45]} Ke6 {[%clk 0:16:48]}
47. f7 {[%clk 0:30:11]} Kxf7 {[%clk 0:17:11]} 48. Kxd5 {[%clk 0:30:37]} Kf6
{[%clk 0:17:34]} 49. Kd4 {[%clk 0:29:50]} Kf5 {[%clk 0:16:19]} 50. Kd5
{[%clk 0:30:07]} Kg4 {[%clk 0:16:14]} 51. Ke6 {[%clk 0:30:33]} Kxg3
{[%clk 0:16:40]} 52. Kd7 {[%clk 0:31:00]} h4 {[%clk 0:17:05]} 53. Kxc7
{[%clk 0:31:28]} h3 {[%clk 0:17:31]} 54. Kb8 {[%clk 0:31:46]} h2 {[%clk 0:17:52]}
55. c7 {[%clk 0:32:11]} h1=Q {[%clk 0:18:16]} 56. c8=Q {[%clk 0:32:35]} Qd5
{[%clk 0:16:09]} 57. Qc3+ {[%clk 0:30:45]} Kf2 {[%clk 0:13:54]} 58. Kc7
{[%clk 0:29:54]} Ke2 {[%clk 0:11:21]} 59. Qc2+ {[%clk 0:29:16]} Ke3
{[%clk 0:10:56]} 60. Kb6 {[%clk 0:29:30]} Qb3 {[%clk 0:10:10]} 61. Qc3+
{[%clk 0:20:12]} Qxc3 {[%clk 0:09:57]} 1/2-1/2

[Event "European Youth Chess Championship G16"]
[Site "Prague, Top Hotel Prague"]
[Date "2012.08.20"]
[Round "4.4"]
[White "Soyunlu, Narmin"]
[Black "Bezkorovaina, Marija"]
[Result "1-0"]
[WhiteElo "1895"]
[BlackElo "2056"]
[PlyCount "0"]
[EventDate "2012.08.17"]

1. c4 {[%clk 1:30:56]} Nf6 {[%clk 1:30:53]} 2. g3 {[%clk 1:30:46]} g6
{[%clk 1:31:10]} 3. Bg2 {[%clk 1:31:08]} Bg7 {[%clk 1:31:35]} 4. Nc3
{[%clk 1:30:54]} O-O {[%clk 1:31:50]} 5. d3 {[%clk 1:30:19]} d6 {[%clk 1:30:44]}
6. e4 {[%clk 1:30:34]} c5 {[%clk 1:23:21]} 7. Nge2 {[%clk 1:30:48]} Nc6
{[%clk 1:23:11]} 8. h3 {[%clk 1:26:34]} a6 {[%clk 1:20:13]} 9. Be3
{[%clk 1:25:04]} Rb8 {[%clk 1:19:34]} 10. a4 {[%clk 1:19:31]} Ne8
{[%clk 1:17:52]} 11. d4 {[%clk 1:18:50]} cxd4 {[%clk 1:07:58]} 12. Nxd4
{[%clk 1:19:13]} Nc7 {[%clk 0:52:09]} 13. O-O {[%clk 1:18:53]} Ne6
{[%clk 0:51:53]} 14. Nde2 {[%clk 1:16:48]} Bd7 {[%clk 0:47:29]} 15. Rb1
{[%clk 1:01:46]} Nb4 {[%clk 0:30:40]} 16. Nd5 {[%clk 0:57:45]} Nxd5
{[%clk 0:30:29]} 17. exd5 {[%clk 0:46:06]} Nc5 {[%clk 0:30:34]} 18. b3
{[%clk 0:45:59]} Bf5 {[%clk 0:30:20]} 19. Rc1 {[%clk 0:44:07]} Bb2
{[%clk 0:23:49]} 20. b4 {[%clk 0:35:22]} Bxc1 {[%clk 0:17:03]} 21. Nxc1
{[%clk 0:35:21]} Nxa4 {[%clk 0:13:40]} 22. Qxa4 {[%clk 0:35:27]} Qc8
{[%clk 0:14:00]} 23. g4 {[%clk 0:34:24]} Bd7 {[%clk 0:13:50]} 24. Qb3
{[%clk 0:34:31]} f5 {[%clk 0:12:21]} 25. gxf5 {[%clk 0:19:29]} Rxf5
{[%clk 0:12:25]} 26. Bd4 {[%clk 0:17:43]} e5 {[%clk 0:09:51]} 27. dxe6
{[%clk 0:16:21]} Bxe6 {[%clk 0:10:17]} 28. Ba1 {[%clk 0:15:58]} Qxc4
{[%clk 0:04:48]} 29. Qb2 {[%clk 0:16:06]} Re5 {[%clk 0:05:05]} 30. f4
{[%clk 0:15:13]} 1-0

[Event "European Youth Chess Championship G16"]
[Site "Prague, Top Hotel Prague"]
[Date "2012.08.20"]
[Round "4.5"]
[White "Hincu, Olga"]
[Black "Vanagaite, Giedre"]
[Result "1-0"]
[WhiteElo "1931"]
[BlackElo "1996"]
[PlyCount "0"]
[EventDate "2012.08.17"]

1. d4 {[%clk 1:30:57]} d5 {[%clk 1:30:30]} 2. Nf3 {[%clk 1:31:21]} Nf6
{[%clk 1:30:30]} 3. c4 {[%clk 1:31:46]} c6 {[%clk 1:30:44]} 4. e3
{[%clk 1:32:11]} e6 {[%clk 1:30:32]} 5. Nbd2 {[%clk 1:32:35]} Nbd7
{[%clk 1:30:00]} 6. Bd3 {[%clk 1:32:58]} Bd6 {[%clk 1:28:32]} 7. b3
{[%clk 1:33:16]} O-O {[%clk 1:28:13]} 8. Bb2 {[%clk 1:33:41]} b6 {[%clk 1:26:46]}
9. O-O {[%clk 1:34:04]} Bb7 {[%clk 1:25:55]} 10. Ne5 {[%clk 1:34:08]} Qc7
{[%clk 1:23:07]} 11. f4 {[%clk 1:32:34]} Rac8 {[%clk 1:18:35]} 12. Qf3
{[%clk 1:30:00]} dxc4 {[%clk 1:04:26]} 13. bxc4 {[%clk 1:25:34]} c5
{[%clk 0:59:55]} 14. Qh3 {[%clk 1:24:14]} cxd4 {[%clk 0:56:25]} 15. exd4
{[%clk 1:18:44]} g6 {[%clk 0:44:45]} 16. Ndf3 {[%clk 1:14:44]} Be4
{[%clk 0:33:23]} 17. Bxe4 {[%clk 1:05:23]} Nxe4 {[%clk 0:32:54]} 18. Rae1
{[%clk 0:59:01]} Nef6 {[%clk 0:29:40]} 19. Ng5 {[%clk 0:56:52]} h5
{[%clk 0:23:29]} 20. Qd3 {[%clk 0:48:46]} Bxe5 {[%clk 0:12:59]} 21. fxe5
{[%clk 0:48:22]} Nh7 {[%clk 0:12:41]} 22. Nxh7 {[%clk 0:46:45]} Kxh7
{[%clk 0:13:04]} 23. Ba3 {[%clk 0:47:09]} Rg8 {[%clk 0:12:17]} 24. Rxf7+
{[%clk 0:45:18]} Rg7 {[%clk 0:12:41]} 25. Rxg7+ {[%clk 0:44:47]} Kxg7
{[%clk 0:13:05]} 26. Rc1 {[%clk 0:44:43]} Rd8 {[%clk 0:12:07]} 27. Qh3
{[%clk 0:43:49]} Qc6 {[%clk 0:10:35]} 28. Qh4 {[%clk 0:37:55]} Re8
{[%clk 0:10:32]} 29. Qf4 {[%clk 0:35:26]} Qc7 {[%clk 0:03:23]} 30. Rf1
{[%clk 0:34:43]} Nb8 {[%clk 0:03:37]} 31. Qf6+ {[%clk 0:33:20]} Kh7
{[%clk 0:03:53]} 32. Bd6 {[%clk 0:31:25]} Qd7 {[%clk 0:03:58]} 33. Qf7+
{[%clk 0:31:12]} Qxf7 {[%clk 0:03:48]} 34. Rxf7+ {[%clk 0:31:35]} Kh6
{[%clk 0:04:04]} 35. d5 {[%clk 0:31:17]} Na6 {[%clk 0:02:08]} 36. Rxa7
{[%clk 0:30:25]} Nc5 {[%clk 0:02:11]} 37. Bxc5 {[%clk 0:30:42]} exd5
{[%clk 0:01:12]} 38. Be3+ {[%clk 0:30:59]} g5 {[%clk 0:01:35]} 39. cxd5
{[%clk 0:31:08]} Rxe5 {[%clk 0:01:53]} 40. Bxb6 {[%clk 1:01:26]} 1-0

[Event "European Youth Chess Championship G16"]
[Site "Prague, Top Hotel Prague"]
[Date "2012.08.20"]
[Round "4.10"]
[White "Papathanasiou, Elisavet"]
[Black "Styazhkina, Anna"]
[Result "1/2-1/2"]
[WhiteElo "1896"]
[BlackElo "2150"]
[PlyCount "0"]
[EventDate "2012.08.17"]

1. d4 {[%clk 1:30:56]} d6 {[%clk 1:30:53]} 2. c4 {[%clk 1:31:08]} e5
{[%clk 1:31:13]} 3. d5 {[%clk 1:29:11]} f5 {[%clk 1:28:00]} 4. g3
{[%clk 1:27:19]} g6 {[%clk 1:27:42]} 5. Bg2 {[%clk 1:26:50]} Bg7 {[%clk 1:27:52]}
6. Nc3 {[%clk 1:26:46]} Nf6 {[%clk 1:27:18]} 7. Nh3 {[%clk 1:26:02]} O-O
{[%clk 1:25:27]} 8. O-O {[%clk 1:26:10]} a5 {[%clk 1:25:22]} 9. e4
{[%clk 1:19:24]} Na6 {[%clk 1:17:20]} 10. f4 {[%clk 1:15:33]} Nc5
{[%clk 1:05:52]} 11. fxe5 {[%clk 1:14:16]} dxe5 {[%clk 1:06:14]} 12. exf5
{[%clk 1:13:48]} Bxf5 {[%clk 1:01:23]} 13. Be3 {[%clk 1:09:21]} Qe7
{[%clk 0:58:16]} 14. Nf2 {[%clk 1:05:38]} e4 {[%clk 0:48:13]} 15. g4
{[%clk 0:59:46]} Bd7 {[%clk 0:47:11]} 16. g5 {[%clk 0:56:26]} Nh5
{[%clk 0:44:32]} 17. Ncxe4 {[%clk 0:55:15]} Nxe4 {[%clk 0:43:02]} 18. Nxe4
{[%clk 0:49:43]} Rxf1+ {[%clk 0:34:31]} 19. Qxf1 {[%clk 0:50:04]} b6
{[%clk 0:26:11]} 20. Re1 {[%clk 0:37:04]} Rf8 {[%clk 0:21:28]} 21. Qe2
{[%clk 0:31:04]} Be5 {[%clk 0:14:45]} 22. Qd2 {[%clk 0:27:48]} Qg7
{[%clk 0:08:48]} 23. d6 {[%clk 0:21:59]} cxd6 {[%clk 0:04:18]} 24. Qd5+
{[%clk 0:20:38]} Kh8 {[%clk 0:04:20]} 25. Nxd6 {[%clk 0:20:31]} Nf4
{[%clk 0:03:25]} 26. Bxf4 {[%clk 0:17:24]} Bxf4 {[%clk 0:03:50]} 27. Ne4
{[%clk 0:14:47]} Bf5 {[%clk 0:03:40]} 28. h4 {[%clk 0:12:54]} h6 {[%clk 0:01:02]}
29. gxh6 {[%clk 0:08:42]} Qxh6 {[%clk 0:00:39]} 30. Qd4+ {[%clk 0:08:32]} Qg7
{[%clk 0:00:37]} 31. Qxg7+ {[%clk 0:08:45]} Kxg7 {[%clk 0:01:06]} 32. Ng5
{[%clk 0:08:20]} Rc8 {[%clk 0:00:38]} 33. Bd5 {[%clk 0:07:01]} Bg3
{[%clk 0:00:39]} 34. Re7+ {[%clk 0:07:10]} Kf6 {[%clk 0:00:39]} 35. Rb7
{[%clk 0:07:10]} Bxh4 {[%clk 0:00:39]} 36. Nf3 {[%clk 0:06:18]} Bg3
{[%clk 0:00:40]} 37. Rxb6+ {[%clk 0:05:59]} Ke7 {[%clk 0:00:35]} 38. Rb7+
{[%clk 0:04:30]} Kd6 {[%clk 0:00:36]} 39. Rb6+ {[%clk 0:04:45]} Ke7
{[%clk 0:00:52]} 40. Ra6 {[%clk 0:31:15]} Bc7 {[%clk 0:30:40]} 41. Nh4
{[%clk 0:28:15]} Rb8 {[%clk 0:27:30]} 42. Nxf5+ {[%clk 0:20:46]} gxf5
{[%clk 0:27:55]} 43. Re6+ {[%clk 0:20:35]} Kd7 {[%clk 0:26:40]} 44. b3
{[%clk 0:20:11]} f4 {[%clk 0:25:16]} 45. Rh6 {[%clk 0:18:15]} Bd6
{[%clk 0:15:30]} 46. Rh7+ {[%clk 0:16:49]} Be7 {[%clk 0:14:30]} 47. Kf2
{[%clk 0:13:26]} a4 {[%clk 0:11:42]} 48. Rh3 {[%clk 0:09:58]} Bc5+
{[%clk 0:09:54]} 49. Ke2 {[%clk 0:07:52]} Be3 {[%clk 0:09:08]} 50. Rh7+
{[%clk 0:07:25]} Kd6 {[%clk 0:08:29]} 51. Rb7 {[%clk 0:06:55]} Rxb7
{[%clk 0:07:50]} 52. Bxb7 {[%clk 0:07:20]} axb3 {[%clk 0:08:12]} 53. axb3
{[%clk 0:07:46]} Kc5 {[%clk 0:08:30]} 54. Kd3 {[%clk 0:07:43]} 1/2-1/2

[Event "European Youth Chess Championship G16"]
[Site "Prague, Top Hotel Prague"]
[Date "2012.08.20"]
[Round "4.11"]
[White "Navrotescu, Andreea-Cristiana"]
[Black "Turk, Tajana"]
[Result "1-0"]
[WhiteElo "2090"]
[BlackElo "1907"]
[PlyCount "77"]
[EventDate "2012.08.17"]

1. d4 Nf6 2. c4 d6 3. Nc3 Bf5 4. Qb3 Qc8 5. Nf3 g6 6. g3 Bg7 7. Bg2 O-O 8. Nh4
c6 9. Nxf5 gxf5 10. O-O Na6 11. Qc2 d5 12. Bg5 Nc7 13. cxd5 Ncxd5 14. Rad1 Qd7
15. Bh3 e6 16. Qc1 Ne8 17. Bg2 Nd6 18. f3 f6 19. Bd2 Nc4 20. e4 Nxd2 21. Qxd2
Nxc3 22. bxc3 fxe4 23. fxe4 Rad8 24. Qc2 Bh6 25. Qb3 Qf7 26. Bh3 Rfe8 27. e5 f5
28. c4 Qh5 29. Bg2 Qf7 30. g4 f4 31. h4 Bg7 32. Be4 Re7 33. Qc2 Bh8 34. Qc1
Red7 35. Rxf4 Qe7 36. Qe3 Bxe5 37. Bxh7+ Kxh7 38. Qxe5 Qxh4 39. Rd2 1-0

[Event "European Youth Chess Championship G16"]
[Site "Prague, Top Hotel Prague"]
[Date "2012.08.20"]
[Round "4.12"]
[White "Richterova, Natasa"]
[Black "Shamatava, Ana"]
[Result "1/2-1/2"]
[WhiteElo "1864"]
[BlackElo "2086"]
[PlyCount "89"]
[EventDate "2012.08.17"]

1. e4 c5 2. Nf3 a6 3. c4 e6 4. Nc3 b6 5. g3 Bb7 6. Bg2 d6 7. d4 cxd4 8. Nxd4
Qc7 9. Qe2 Nd7 10. Bd2 Ngf6 11. O-O Be7 12. Rac1 O-O 13. b3 Rac8 14. Rfd1 Qb8
15. Nc2 Qa8 16. Ne1 Nc5 17. f3 Rfd8 18. Bf4 Ne8 19. Rc2 Nd7 20. Kh1 Qb8 21. Bc1
Bf6 22. Bb2 Bc6 23. Nd3 Nc5 24. Nf2 Nc7 25. Ng4 Be7 26. Ne3 b5 27. Bf1 Bf8 28.
Rcd2 b4 29. Nb1 Qb7 30. Bg2 a5 31. Bd4 Qa8 32. Bxc5 dxc5 33. e5 Rxd2 34. Rxd2
Rd8 35. f4 Rd4 36. Rxd4 cxd4 37. Nf1 d3 38. Qd2 Bf3 39. Bxf3 Qxf3+ 40. Qg2 Qe2
41. Nfd2 Bc5 42. Qb7 Ne8 43. Qc6 Qe1+ 44. Kg2 Qe2+ 45. Kh1 1/2-1/2

[Event "European Youth Chess Championship G16"]
[Site "Prague, Top Hotel Prague"]
[Date "2012.08.20"]
[Round "4.14"]
[White "Harutyunyan, Ani"]
[Black "Garcia-Castany Musellas, Gal La"]
[Result "1-0"]
[WhiteElo "1835"]
[BlackElo "2019"]
[PlyCount "67"]
[EventDate "2012.08.17"]

1. d4 d5 2. Nf3 Nf6 3. c4 c6 4. e3 Bf5 5. Qb3 Qc7 6. cxd5 cxd5 7. Nc3 e6 8. Bd2
Nc6 9. Be2 Be7 10. O-O h6 11. Rfc1 O-O 12. Ne5 Rac8 13. Nxc6 bxc6 14. Qa4 Qb8
15. Nd1 c5 16. Ba6 Ng4 17. g3 Rcd8 18. Ba5 Rd6 19. Be2 c4 20. Bb4 Ra6 21. Qxa6
Qxb4 22. Rc3 Nf6 23. Qxa7 Bd6 24. a3 Qb5 25. b3 Ne4 26. bxc4 Qc6 27. cxd5 Qxd5
28. Bc4 Qc6 29. Rcc1 Ra8 30. d5 Qe8 31. Qb6 Bc5 32. Qc6 exd5 33. Bxd5 Bd7 34.
Qxa8 1-0

[Event "European Youth Chess Championship G16"]
[Site "Prague, Top Hotel Prague"]
[Date "2012.08.20"]
[Round "4.15"]
[White "Kostitsina, Liubov"]
[Black "Marikova, Jana"]
[Result "0-1"]
[WhiteElo "2057"]
[BlackElo "1887"]
[PlyCount "112"]
[EventDate "2012.08.17"]

1. e4 c5 2. Nf3 d6 3. d4 cxd4 4. Nxd4 Nf6 5. Nc3 a6 6. Bg5 Nbd7 7. f4 Qc7 8.
Qf3 h6 9. Bxf6 Nxf6 10. f5 Qc5 11. O-O-O g5 12. Nd5 Nxd5 13. exd5 Bg7 14. Nb3
Qb4 15. g3 Bd7 16. c3 Rc8 17. Kb1 Qb6 18. h4 Bf6 19. Re1 gxh4 20. Rxh4 Bxh4 21.
gxh4 Kd8 22. Nd4 Re8 23. Qe3 Qc5 24. Bg2 h5 25. Qg5 Qc4 26. Be4 b5 27. f6 e5
28. Nc2 Bg4 29. Qg7 Rc7 30. Nb4 a5 31. Nc6+ Rxc6 32. dxc6 Be6 33. Qg1 Qc5 34.
Qg3 Kc7 35. Qf3 Bg4 36. Qd3 Be6 37. Qe2 Rh8 38. Bf3 Qc4 39. Qxc4 Bxc4 40. Rg1
Rh6 41. b3 Be6 42. Rg8 Rxf6 43. Bxh5 Rh6 44. Be2 Kxc6 45. h5 a4 46. bxa4 bxa4
47. Ra8 f5 48. Rxa4 f4 49. Bf3+ Kc5 50. c4 Bf7 51. Ra6 Kxc4 52. Rc6+ Kd4 53. a4
e4 54. Be2 f3 55. Bf1 e3 56. Rc7 e2 0-1

[Event "European Youth Chess Championship G16"]
[Site "Prague, Top Hotel Prague"]
[Date "2012.08.20"]
[Round "4.16"]
[White "Bivol, Alina"]
[Black "Djogteva, Jekaterina"]
[Result "1-0"]
[WhiteElo "2142"]
[BlackElo "1828"]
[PlyCount "119"]
[EventDate "2012.08.17"]

1. e4 c5 2. Nf3 e6 3. b3 Nc6 4. Bb2 f6 5. Bb5 Nge7 6. O-O a6 7. Bxc6 Nxc6 8. d4
d5 9. exd5 Qxd5 10. c4 Qh5 11. d5 Nd8 12. Re1 Bd6 13. dxe6 Be7 14. Nc3 O-O 15.
Nd5 Nc6 16. a4 Qf5 17. Nxe7+ Nxe7 18. Qd6 Re8 19. Re2 a5 20. Rd1 h6 21. Ba3 Ra6
22. Qxc5 Qxc5 23. Bxc5 Rxe6 24. Rxe6 Bxe6 25. Bxe7 Rxe7 26. Kf1 Bf5 27. Nd4 Bh7
28. Rd2 Kf8 29. g3 Be4 30. f3 Bh7 31. Kf2 Ke8 32. Re2 Rxe2+ 33. Kxe2 Kd7 34.
Kd2 Kd6 35. Kc3 Ke5 36. Ne2 Bf5 37. Nf4 g5 38. Nd3+ Kd6 39. Kd4 Bxd3 40. Kxd3
Kc5 41. Kc3 h5 42. g4 h4 43. h3 b6 44. b4+ axb4+ 45. Kb3 Kd4 46. Kxb4 Ke3 47.
c5 bxc5+ 48. Kxc5 Kxf3 49. a5 Kg3 50. a6 Kxh3 51. a7 Kxg4 52. a8=Q h3 53. Kd4
f5 54. Ke3 Kh4 55. Kf2 g4 56. Qd8+ Kh5 57. Qf6 h2 58. Qxf5+ Kh6 59. Kg2 g3 60.
Qh3+ 1-0

[Event "European Youth Chess Championship G16"]
[Site "Prague, Top Hotel Prague"]
[Date "2012.08.20"]
[Round "4.18"]
[White "Johnova, Eliska"]
[Black "Hoare, Amy B"]
[Result "0-1"]
[WhiteElo "1798"]
[BlackElo "1958"]
[PlyCount "40"]
[EventDate "2012.08.17"]

1. e4 e5 2. Nc3 Nf6 3. f4 d5 4. fxe5 Nxe4 5. d3 Nxc3 6. bxc3 d4 7. Bb2 Qe7 8.
Qe2 dxc3 9. Bxc3 Nc6 10. d4 Be6 11. a4 O-O-O 12. Nf3 Bg4 13. Qf2 f6 14. Qe3
Bxf3 15. gxf3 fxe5 16. dxe5 Nb4 17. Bxb4 Qh4+ 18. Ke2 Bxb4 19. Qe4 Rd2+ 20. Ke3
Qf2+ 0-1

[Event "European Youth Chess Championship G16"]
[Site "Prague, Top Hotel Prague"]
[Date "2012.08.20"]
[Round "4.20"]
[White "Pastuszko, Kinga"]
[Black "Zamanova, Bikakhanim"]
[Result "1-0"]
[WhiteElo "1946"]
[BlackElo "1788"]
[PlyCount "57"]
[EventDate "2012.08.17"]

1. d4 Nf6 2. g3 g6 3. Bg2 Bg7 4. e4 d6 5. Nc3 O-O 6. Nge2 Nc6 7. h3 e5 8. Be3
Nh5 9. g4 exd4 10. Nxd4 Nxd4 11. Bxd4 Nf4 12. Bf3 Bd7 13. Bxg7 Kxg7 14. Qd2 Qf6
15. O-O-O Bc6 16. h4 a5 17. h5 b5 18. g5 Qe5 19. Rh4 Ne6 20. Rdh1 Nxg5 21. Bg2
Ne6 22. hxg6 hxg6 23. f4 Qc5 24. f5 b4 25. fxe6 bxc3 26. Qf4 cxb2+ 27. Kb1 Qe5
28. Rh7+ Kg8 29. exf7+ 1-0

[Event "European Youth Chess Championship G16"]
[Site "Prague, Top Hotel Prague"]
[Date "2012.08.20"]
[Round "4.21"]
[White "Zavgorodniaya, Alena"]
[Black "Sroubova, Lenka"]
[Result "1-0"]
[WhiteElo "1910"]
[BlackElo "1772"]
[PlyCount "61"]
[EventDate "2012.08.17"]

1. e4 Nf6 2. e5 Nd5 3. d4 d6 4. c4 Nb6 5. exd6 cxd6 6. Nc3 g6 7. Be3 Bg7 8. Rc1
O-O 9. b3 Nc6 10. Nf3 Bg4 11. Be2 e5 12. dxe5 dxe5 13. O-O h6 14. h3 Be6 15.
Bc5 Re8 16. Nb5 Nd7 17. Bd6 e4 18. Nh2 Qg5 19. Kh1 Red8 20. Nc7 Rac8 21. Nxe6
fxe6 22. Qe1 Nde5 23. c5 h5 24. f4 exf3 25. Nxf3 Nxf3 26. Bxf3 Re8 27. h4 Qd8
28. Qg3 Kh7 29. Be4 Ne7 30. Bxe7 Qxe7 31. Qxg6+ 1-0

[Event "European Youth Chess Championship G16"]
[Site "Prague, Top Hotel Prague"]
[Date "2012.08.20"]
[Round "4.22"]
[White "Colantuono, Virginia"]
[Black "Luzikova, Nicola"]
[Result "0-1"]
[WhiteElo "1892"]
[BlackElo "1769"]
[PlyCount "62"]
[EventDate "2012.08.17"]

1. e4 d5 2. exd5 Nf6 3. d4 Nxd5 4. c4 Nb6 5. Nc3 e5 6. Qe2 Qxd4 7. Nf3 Qc5 8.
Nxe5 Be7 9. Nf3 Be6 10. b3 O-O 11. Be3 Qa5 12. Qc2 Bf6 13. Rc1 Nc6 14. Bd2 Bf5
15. Qd1 Rfe8+ 16. Be2 Bxc3 17. Rxc3 Qxa2 18. Be3 Rad8 19. Qc1 Be4 20. Kf1 Na5
21. Nd2 Bg6 22. b4 Nc6 23. Bd1 Nxb4 24. Ra3 Nd3 25. Rxa2 Nxc1 26. Rxa7 Nxc4 27.
Ra1 Nxe3+ 28. fxe3 Rxd2 29. Rxc1 c6 30. Ke1 Rxg2 31. Ra1 h6 0-1

[Event "European Youth Chess Championship G16"]
[Site "Prague, Top Hotel Prague"]
[Date "2012.08.20"]
[Round "4.23"]
[White "Dziodzio, Angelika"]
[Black "Amiridou, Dimitra"]
[Result "1-0"]
[WhiteElo "1886"]
[BlackElo "1752"]
[PlyCount "147"]
[EventDate "2012.08.17"]

1. e4 c5 2. Nf3 e6 3. c4 Nc6 4. Nc3 g5 5. h3 h6 6. d4 cxd4 7. Nxd4 Nf6 8. a3
Qa5 9. Nb3 Qe5 10. Bd3 d5 11. Qe2 d4 12. Nb1 Qc7 13. N1d2 a5 14. Nf3 Qb6 15.
Qc2 a4 16. Nbd2 Nd7 17. O-O e5 18. b4 axb3 19. Nxb3 Nc5 20. Nxc5 Bxc5 21. Rb1
Qc7 22. Rb5 b6 23. Nh2 Bd7 24. Qe2 Bxa3 25. Bxa3 Rxa3 26. Rfb1 O-O 27. Rxb6 Rb8
28. c5 Rc3 29. Bc4 d3 30. Bxd3 Rxc5 31. Rxb8+ Nxb8 32. Qd2 Nc6 33. h4 f6 34.
hxg5 hxg5 35. Bc4+ Kg7 36. Bd5 Ne7 37. Bb3 Rb5 38. Rc1 Qb7 39. Bc4 Rb1 40. Rxb1
Qxb1+ 41. Nf1 Bb5 42. Bxb5 Qxb5 43. Ng3 Kg6 44. Qd8 Kf7 45. Qc7 Qc6 46. Qa7
Qc1+ 47. Kh2 Qf4 48. Qa2+ Kf8 49. Qc2 Kf7 50. Kg1 g4 51. Nf1 f5 52. exf5 Qxf5
53. Qb3+ Kf6 54. Ne3 Qg5 55. g3 Kg7 56. Qe6 Kf8 57. Nxg4 Qc1+ 58. Kh2 Qg5 59.
Nxe5 Qh5+ 60. Kg2 Qf5 61. Qxf5+ Nxf5 62. g4 Ne7 63. f4 Kg7 64. g5 Nf5 65. Kf3
Kh7 66. Kg4 Ne3+ 67. Kh5 Nf5 68. g6+ Kg7 69. Kg5 Ne7 70. f5 Ng8 71. Nd7 Ne7 72.
f6+ Kh8 73. fxe7 Kg7 74. e8=N+ 1-0